|
|
|
|
| LEADER |
00000nam a22000007a 4500 |
| 005 |
2019021500370.0 |
| 007 |
cr|||| |||| |
| 008 |
190215s2018 cl |||||s|||| 00||0 spa d |
| 035 |
|
|
|a 22058
|
| 040 |
|
|
|a vLex
|
| 090 |
|
|
|c 8439
|d 8439
|
| 100 |
1 |
|
|a Chv̀ez Chv̀ez, Eric Andrš
|
| 245 |
1 |
0 |
|a Formularios de Prc̀tica Forense: Juzgados de Familia
|h [Recurso electrn̤ico] /
|c Eric Andrš Chv̀ez Chv̀ez
|
| 256 |
|
|
|a Servicio en ln̕ea
|
| 260 |
|
|
|a Santiago de Chile:
|b Editorial Juridica Aremi,
|c 2018
|
| 300 |
|
|
|a 1 recurso electrn̤ico
|
| 506 |
1 |
|
|a Disponible solo en los productos indicados
|d vLex Global
|d vLex Global (Academic Edition, excluding Law Schools)
|d vLex Global (U.S. Academic Edition, Law Schools)
|d vLex Global (U.S. Academic Edition, excluding Law Schools)
|d vLex Global (Academic Edition, Law Schools)
|
| 650 |
0 |
4 |
|a Derecho Civil
|z Chile
|
| 650 |
0 |
4 |
|a Derecho Procesal
|z Chile
|
| 740 |
0 |
|
|a vLex Libros (Servicio en ln̕ea)
|
| 856 |
4 |
0 |
|u http://vlex.com/source/formularios-practica-forense-22058
|z Acceso restringido
|
| 942 |
|
|
|c BOOK
|
| 999 |
0 |
|
|a Civil Law
|
| 999 |
0 |
|
|a Procedural Law
|